Stock take (Record no. 105668)

MARC details
000 -LEADER
fixed length control field 01207cam a2200217 4500
001 - CONTROL NUMBER
control field ##L134416
008 - FIXED-LENGTH DATA ELEMENTS--GENERAL INFORMATION
fixed length control field 060803n2006 000 0 eng u
035 ## - SYSTEM CONTROL NUMBER
System control number (Sirsi) u134416
041 0# - LANGUAGE CODE
Language code of text/sound track or separate title eng
050 04 - LIBRARY OF CONGRESS CALL NUMBER
Classification number 333.72 $2 18
110 2# - MAIN ENTRY--CORPORATE NAME
Corporate name or jurisdiction name as entry element Sustainable Development Commission
9 (RLIN) 4213
245 00 - TITLE STATEMENT
Title Stock take
Remainder of title delivering improvements in existing housing
260 ## - PUBLICATION, DISTRIBUTION, ETC.
Place of publication, distribution, etc. London
Name of publisher, distributor, etc. SDC
Date of publication, distribution, etc. 2006
520 ## - SUMMARY, ETC.
Summary, etc. Examines the potential for significantly improved resource efficiency in the existing stock of 21m homes in the UK. Presents the findings of an analysis of the technical improvements that could be made in existing homes to minimise resource use. Aims to inform policy makers of ways in which policy decisions could help accelerate the installations of those technical measures. Advises how the Sustainable and Secure Buildings Act 2004 might be used to deliver these improvements.
590 ## - LOCAL NOTE (RLIN)
Local note IKA010806 NTK
650 24 - SUBJECT ADDED ENTRY--TOPICAL TERM
Topical term or geographic name entry element SUSTAINABLE AND SECURE BUILDINGS ACT 2004
651 #4 - SUBJECT ADDED ENTRY--GEOGRAPHIC NAME
Geographic name United Kingdom
Chronological subdivision
690 ## - LOCAL SUBJECT ADDED ENTRY--TOPICAL TERM (OCLC, RLIN)
Topical term or geographic name as entry element BUILT ENVIRONMENT-SUSTAINABLE CONSTRUCTION
856 40 - ELECTRONIC LOCATION AND ACCESS
Uniform Resource Identifier <a href="https://www.sd-commission.org.uk/publications.php?id=400">https://www.sd-commission.org.uk/publications.php?id=400</a>
Public note View the report free of charge at www.sd-commission.org.uk...
942 ## - ADDED ENTRY ELEMENTS (KOHA)
Suppress in OPAC 0
Holdings
Withdrawn status Lost status Source of classification or shelving scheme Damaged status Not for loan Home library Current library Shelving location Date acquired Total Checkouts Full call number Barcode Date last seen Copy number Price effective from Koha item type
    Dewey Decimal Classification     Virtual Virtual Online 03/08/2006   ONLINE PUBLICATION 134416-2001 06/08/2019 1 06/08/2019 Book